ბათუმის შოთა რუსთაველის სახელმწიფო უნივერსიტეტის ბიბლიოთეკა

საქართველოს აღდგენისათვის ბრძოლა მესხეთის გამო / (ბიბ.ჩანაწერი № 60141)

000 -ლიდერი
ფიქსირებული სიგრძის საკონტროლო ველი 01211nam a22002177a 4500
003 - საკონტროლო ნომრის იდენტიფიკატორი
საკონტროლო ველი Ge_BSU
005 - ბოლო ოპერაციის თარიღი და დრო
საკონტროლო ველი 20230612162522.0
008 - ფიქსირებული სიგრძის მონაცემთა ელემენტები - ზოგადი ინფორმაცია
ფიქსირებული სიგრძის საკონტროლო ველი 230612s1989 ge ||||| |||| 00| 0 geo d
041 ## - ენის კოდი
Language code of text/sound track or separate title geo
080 ## - უნივერსალური ათობითი კლასიფიკაციის ინდექსი
Universal Decimal Classification number 94(479.222.5) ნ-81
100 ## - მთავარი ჩანაწერი - პიროვნების სახელი
Personal name ნოზაძე, ვიქტორ
9 (RLIN) 18649
245 ## - ცნობა სათაურის შესახებ
Title საქართველოს აღდგენისათვის ბრძოლა მესხეთის გამო /
Statement of responsibility, etc ვიქტორი ნოზაძე; რედ. გურამ მამულია.
264 ## - წარმოების, გამოცემის, დისტრიბუციის და სხვა ცნობები
გამოცემის, წარმოების, დისტრიბუციის... ადგილი თბილისი :
გამოცემის, წარმოების, დისტრიბუციის... სახელწოდება საქ. თეატრის მოღვაწეთა კავშირი,
გამოცემის, წარმოების, დისტრიბუციის... თარიღი 1989.
300 ## - ფიზიკური აღწერა
Extent 114 გვ. ;
Other physical details 20 სმ.
490 ## - სერიის ცნობა
Series statement საქართველოს ისტორიის საგანძური ; წიგნი 1
653 ## - INDEX TERM--UNCONTROLLED
Uncontrolled term მესხეთის ისტორია
653 ## - INDEX TERM--UNCONTROLLED
Uncontrolled term საქართველოს უახლესი ისტორია -- 1918-1921 წ.წ.
653 ## - INDEX TERM--UNCONTROLLED
Uncontrolled term საქართველოს საგარეო პოლიტიკა.
700 ## - ADDED ENTRY--PERSONAL NAME
Personal name მამულია, გურამ
Relator term რედაქტორი
9 (RLIN) 18427
942 ## - ADDED ENTRY ELEMENTS (KOHA)
Source of classification or shelving scheme
Koha item type წიგნი
ეგზემპლარები
ჩამოწერის სტატუსი დაკარგული ეგზემპლარის სტატუსი კლასიფიკაციის წყარო ან თაროზე გაწყობის სქემა დაზიანების სტატუსი არ გაიცემა მუდმივი მდებარეობა (დაცვის ადგილი) ამჟამინდელი ადგილსამყოფელი თაროზე განთავსების ადგილი შეძენის თარიღი ღირებულება, შესყიდვის ნორმალური ფასი სრული შენახვის შიფრი შტრიხკოდი ბოლო ოპერაციის თარიღი ეგზემპლარის მიმდევრობითი ნომერი (კეტერი?) Uniform Resource Identifier ფასის ძალაში შესვლის თარიღი ეგზემპლარის სახეობა საჯარო შენიშვნა
          ბათუმის შოთა რუსთაველის სახელმწიფო უნივერსიტეტის მთავარი ბიბლიოთეკა ბათუმის შოთა რუსთაველის სახელმწიფო უნივერსიტეტის მთავარი ბიბლიოთეკა წიგნსაცავი 2023-06-12 3.00 94(479.222.5) ნ-81 64611 2023-06-12 64611 ბსუ-ს საპატიო დოქტორის გურამ ლორთქიფანიძის საჩუქარი 2023-06-12 წიგნი 3 ლ.